Gaz Europe information.

Bibliographic Details
Format: Journal
Language:French
Published: Paris, Centre Europeen dinformation international sur le gaz naturel. [publisher not identified] ;
Subjects:

MARC

Tag First Indicator Second Indicator Subfields
LEADER 00000cas a2200000 4500
001 in00000047401
005 20151007071450.0
008 800603c19629999fr bn p 0uuua0fre d
035 |a (OCoLC)06384870 
035 |9 AAE6023AM 
040 |a TXA  |c TXA  |d UtOrBLW 
049 |a TXAE 
090 |a TP350  |b .G3 
245 0 0 |a Gaz Europe information. 
264 1 |a Paris, Centre Europeen dinformation international sur le gaz naturel.  |b [publisher not identified] ; 
300 |a  volumes :  |b illustrations  |a 6 nos. a year. 
336 |a text  |b txt  |2 rdacontent 
337 |a unmediated  |b n  |2 rdamedia 
338 |a volume  |b nc  |2 rdacarrier 
362 0 |a v. 1- 1962- 
515 |a No more published? 
525 |a Separately paged supplements accompany each issue. 
650 0 |a Natural gas. 
650 0 |a Gas manufacture and works. 
999 |a MARS 
999 f f |s 0108f99f-56fb-31fa-9f39-75ad8530bb41  |i 5e03bd23-e4db-3ca8-ad85-17ba372b83ee  |t 0 
952 f f |p ric  |a Texas A&M University  |b Rellis Campus  |c Joint Library Facility  |d Remote Storage  |t 0  |e TP350 .G3  |h Library of Congress classification  |i unmediated -- volume  |k v.5  |l 1966  |m A14842120827 
998 f f |a TP350 .G3  |s v.5 (1966)  |t 0  |l Remote Storage